Регионална библиотека "Любен Каравелов" - Русе

Конституционната цивилизация и българският конституционализъм (Запис номер 108044)

MARC детайли
000 -Лидер
Контролно поле с фиксирана дължина 01886nam a2200397 c 4500
003 - Код на организацията, давaща контролен номер
Контролно поле BLK
005 - Дата и час на последна редакция
Контролно поле 20180422105824.0
008 - Елементи от данни с фиксирана дължина
fixed length control field 180409b bul|||||r ||||||| ||bul||
010 ## - Наследен системен номер
LC control number KNG00113342000
020 ## - Международен стандартен номер на книга ISBN
Международен стандартен номер на книга ISBN 954-730-200-0
-- издат.: Сиби - на том(ч. 1)
040 ## - Източник на каталожния запис
Идентификатор на билиотеката - собственик на записа BLK
041 ## - Код за език
Код за езика на текст/звукозапис или на отделно заглавие Български
Код за езика КДБФ Български
080 ## - УДК
Текстов определител УДК Конституции. Законодателни събрания. Народни събрания
УДК код - определител по УДК 342.4
УДК определител (497.2)(091)
УДК - код + определител 342.4(497.2)(091)
080 ## - УДК
Текстов определител УДК Държавна власт. Система и функции на държавните органи
УДК код - определител по УДК 342.5
УДК определител (497.2)
УДК - код + определител 342.5(497.2)
100 1# - Редна дума - Автор
Автор Начева, Снежана Арсова
Авторска отговорност първи автор
R(LIN) 372724
139 ## - Редно поле
Редна дума Начева, Снежана Арсова
Авторски знак Наче - Н 35
245 10 - Сведения за заглавието
Заглавие Конституционната цивилизация и българският конституционализъм
Подзаглавни данни Ч. 1 -
Редно поле (дума) Снежана Арсова Начева; ред. Гергана Мирчева.
Том Ч. 1
257 ## - Страна на издаване
Страна на създаване/издаване България
260 ## - Област на издателските данни
-- София
Година на издаване 2004 -
Печатница София : Симолини
300 ## - Физическа характеристика
Размери/Мащаб 20 см
380 ## - Жанр
Жанр Обществени науки
504 ## - Забележка за наличие на библиография и др
Забележка за наличие на библиография и под. 233-239
650 #4 - Допълнително описание по предмет – тема
Основно описание – тема или топоним Конституции - България - история
9 (RLIN) 302161
650 #4 - Допълнително описание по предмет – тема
Основно описание – тема или топоним България - държавно право и държавно устройство
9 (RLIN) 273482
650 #4 - Допълнително описание по предмет – тема
Основно описание – тема или топоним Конституционно право - България
9 (RLIN) 243445
653 ## - Ключова дума – ненормативна
Ключова дума конституции
653 ## - Ключова дума – ненормативна
Ключова дума България
653 ## - Ключова дума – ненормативна
Ключова дума история
700 1# - Други автори (авторска отговорност)
Лично име Мирчева, Гергана
Автороска отговорност (Описва отношението между автора и произведението) ред.
9 (RLIN) 311134
760 1# - Описание на основната серия
-- - на том(ч. 1)
Редна дума на основното описание Начева, Снежана Арсова
Място на издаване, издател и година Сиби, 2004
Страници - том 239 с.
Забележка - том Библиогр. с. 233-239 и под линия
Заглавие Ч. 1
852 ## - Местоположение
Форматна сигнатура Цб 219761
856 4# - Електронен адрес и достъп
Електронен формат pdf - файл
Път до файла /url/
856 4# - Електронен адрес и достъп
Електронен формат pdf - файл
Път до файла /url/
942 ## - АРТИКУЛИ
Вид на библиотечния материал Книги
Скрит в OPAC Не
944 ## - СЪЗДАВАНЕ И РЕДАКЦИЯ на ЗАПИСА
Създаване/Редакция Създаване
Дата на регистрацията/редакция 02.06.2004
Служител, извършил регистрацията/редакцията Геновева_Генчева
944 ## - СЪЗДАВАНЕ И РЕДАКЦИЯ на ЗАПИСА
Създаване/Редакция Редакция
Дата на регистрацията/редакция 27.06.2005
Служител, извършил регистрацията/редакцията
999 ## - СИСТЕМНИ КОНТРОЛНИ НОМЕРА
Koha biblionumber 108044
Koha biblioitemnumber 108044
Наличности
Код за отписване Код за изгубен артикул Код за повреда Коз за рестрикции Код за отдаване Артикулен № Име на библиотеката - собственик Име на библиотеката, в която се намира в момента Статус (Текущо местоположение) Дата на вписване в системата Местоположение - отдел Цена в лева Инвентарен номер Систематично азбучна сигнатура Баркод Номер на екземпляра Цена в евро Служебна бележка Служебен тип на артикула
Изтеглен Не е изгубен Не е повреден без рестрикции заемане за дома 174250 Регионална библиотека "Любен Каравелов" Русе Регионална библиотека "Любен Каравелов" Русе Заемна - подръчен фонд 2004-05-31 Заемна - подръчен фонд 9.00 120000685829 П 342/Н 35 120000685829 1 4.60 Дост: Pk Вид: Ф N: 1 Дата: 31.05.2004 Дата инв: 05.02.2018 Бележки инв: П2018 Книги
  Не е изгубен Не е повреден без рестрикции ползва се в читалня 174251 Регионална библиотека "Любен Каравелов" Русе Регионална библиотека "Любен Каравелов" Русе Читалня 2004-05-31 Читалня 9.00 120000685830 Ч 342/Н 35 120000685830 2 4.60 Дост: Pk Вид: Ф N: 1 Дата: 31.05.2004 Дата инв: 14.03.2017 Бележки инв: Ч2017 Книги
  Не е изгубен Не е повреден без рестрикции ползва се в читалня 174252 Регионална библиотека "Любен Каравелов" Русе Регионална библиотека "Любен Каравелов" Русе Хранилище 2005-05-26 Хранилище 9.00 120000694439 Цб 219761 120000694439 3 4.60 Дост: Dp Вид: Д N: 28 Дата: 30.06.2004 Книги
Vip Innovations Ltd, Rousse, Bulgaria 2025